| 000 | 00576nam a2200181Ia 4500 | ||
|---|---|---|---|
| 008 | 151018s9999 xx 000 0 und d | ||
| 082 |
_bRBASDV31423 _a891.434 |
||
| 100 | _aनीलाभ | ||
| 245 | _aमनुष्य महाबली कैसे बना | ||
| 250 | _b1 | ||
| 260 |
_bउपासना _c1999 |
||
| 300 | _a106 | ||
| 600 | _aनीलाभ | ||
| 630 | _aमनुष्य महाबली कैसे बना | ||
| 700 | _aनीलाभ | ||
| 730 | _aमनुष्य महाबली कैसे बना | ||
| 942 | _cBOOK | ||
| 999 |
_c1030956 _d1030953 |
||